01005nam a22001935i 4500001000700000003000900007005001700016008004100033100003000074245013800104260006200242300002100304500010000325700003100425700003100456852017800487999001900665952012700684170746ES-MaACL20230906214441.0090402s1869 sp |||| | spa d1 aFotún, Tomás.913971813aEl robo de Elena b: zarzuela bufa en tres actos / carreglada á la música de Offembach por Tomás Fortún y Miguel Pastorfido. aMadrid : b[s.n.], c1869 (fImpr. de José Rodríguez) a75 p. ; c19 cm. aEn port.: Representada por primera vez en el Teatro de la Zarzuela el día 29 de mayo de 1869.1 aPastorfido, Miguel.9895370 aOffembach, Jacques.986558 aES-MaACLjF-8559(2) zEnc. pasta española q.- Falto de la cub. originalz.- Enc. en un vol. facticio, formando parte de la col. facticia "Teatro español moderno", v. 11 c170746d170746 001040708LIBXIXaATENEOMbATENEOMcSPP2d2009-04-02eSCl0oF-8559(2)p1179193r2023-02-23 00:00:00w2023-02-23yMONANT